Shaping the intimate: influences on the experience of everyday nerves (Record no. 60851)

000 -LEADER
fixed length control field 00394pab a2200145 454500
008 - FIXED-LENGTH DATA ELEMENTS--GENERAL INFORMATION
fixed length control field 180718b2004 xxu||||| |||| 00| 0 eng d
100 ## - MAIN ENTRY--PERSONAL NAME
Personal name Healy, David
245 ## - TITLE STATEMENT
Title Shaping the intimate: influences on the experience of everyday nerves
260 ## - PUBLICATION, DISTRIBUTION, ETC.
Date of publication, distribution, etc. 2004
300 ## - PHYSICAL DESCRIPTION
Extent p.219-45.
362 ## - DATES OF PUBLICATION AND/OR SEQUENTIAL DESIGNATION
Dates of publication and/or sequential designation Apr
650 ## - SUBJECT ADDED ENTRY--TOPICAL TERM
Topical term or geographic name entry element Nervous system diseases
773 ## - HOST ITEM ENTRY
Main entry heading Social Studies of Sciences
909 ## -
-- 60851
Holdings
Withdrawn status Lost status Damaged status Not for loan Permanent Location Current Location Date acquired Serial Enumeration / chronology Barcode Date last seen Price effective from Koha item type
        Indian Institute of Public Administration Indian Institute of Public Administration 2018-07-19 Volume no: 34, Issue no: 2 AR61297 2018-07-19 2018-07-19 Articles

Powered by Koha